| 000 | 01072 a2200229 4500 | ||
|---|---|---|---|
| 001 | 29444 | ||
| 005 | 20260407155604.0 | ||
| 008 | 260407a1998 arg spa d | ||
| 003 | AR-UNSa-BCEJYS | ||
| 040 |
_aAR-UNSa-BCEJYS _bspa _cAR-UNSa-BCEJYS |
||
| 080 |
_a336.225 _xMétodo de tributación y administración de impuestos |
||
| 245 | 1 | 0 | _aIlicitos formales genericos y materiales |
| 250 | _a2a. ed. | ||
| 264 | 1 |
_aBuenos Aires : _bEdiciones Nueva Técnica _c1998 |
|
| 300 |
_axii, 66 p. _c28 cm. |
||
| 505 | _aModulo I: Ilícitos formales genericos: 1. Deberes tributarios formales - 2. Concepto de ilícitos formales - 3. Incumplimiento de deberes formales (art. 39 de la L.P.T. t.o. 1998) - 4. Omisión de presentar declaraciones juradas (art. 38 de L.P.T. t.o. 1998) - 5. Jurisprudencia - ModuloII: Intereses: 6. Intereses - 7. Régimen de actualización - 8. Las actualizaciones según la ley 24.073 - La ley 24.283 | ||
| 041 | _aspa | ||
| 942 | _cBK | ||
| 590 | _aniveau_biblio:m niveau_hierar:0 | ||
| 100 | 1 | _aGómez, Teresa | |
| 700 | 1 | _aFolco, Carlos Maria | |
| 999 |
_c1869 _d1869 |
||